Vybrané faktory konkurencieschopnosti strojárskeho odvetvia
Informácie a fakty o vzraste konkurencieschopnosti. Konkurencieschopnosť strojárskeho odvetvia, faktory konkurencieschopnosti, investície v odvetví strojárstva.
Guardado en:
| Autor principal: | |
|---|---|
| Otros Autores: | |
| Formato: | Capítulo de libro |
| Lenguaje: | eslovaco |
| Materias: | |
| Etiquetas: |
Sin Etiquetas, Sea el primero en etiquetar este registro!
|
MARC
| LEADER | 00000nla$a2200000$$$4500 | ||
|---|---|---|---|
| 001 | 0111817 | ||
| 005 | 20240502072235.3 | ||
| 041 | 0 | |a slo | |
| 044 | |a SK | ||
| 245 | 1 | 0 | |a Vybrané faktory konkurencieschopnosti strojárskeho odvetvia |c Daniela Romanová, Igor Hudák |
| 520 | |a Informácie a fakty o vzraste konkurencieschopnosti. Konkurencieschopnosť strojárskeho odvetvia, faktory konkurencieschopnosti, investície v odvetví strojárstva. | ||
| 610 | 2 | 0 | |a podnik |
| 610 | 2 | 0 | |a odvetvia priemyselné |
| 610 | 2 | 0 | |a priemysel strojársky |
| 610 | 2 | 0 | |a konkurencieschopnosť |
| 610 | 2 | 0 | |a Slovensko |
| 100 | 1 | |a Romanová, Daniela, 1984- | |
| 700 | 1 | |a Hudák, Igor, 1985- | |